Money into propertyh[electronic resource] (Record no. 119408)

MARC details
000 -LEADER
fixed length control field 01258cas a22002415a 4500
001 - CONTROL NUMBER
control field L158736
008 - FIXED-LENGTH DATA ELEMENTS--GENERAL INFORMATION
fixed length control field 15070 c201 xxkar ss eng u
035 ## - SYSTEM CONTROL NUMBER
System control number (Sirsi) u158736
041 0# - LANGUAGE CODE
Language code of text/sound track or separate title eng
110 2# - MAIN ENTRY--CORPORATE NAME
Corporate name or jurisdiction name as entry element DTZ
245 00 - TITLE STATEMENT
Title Money into propertyh[electronic resource]
260 ## - PUBLICATION, DISTRIBUTION, ETC.
Place of publication, distribution, etc. [S.l.]
Name of publisher, distributor, etc. DTZ
Date of publication, distribution, etc. 1975-
362 0# - DATES OF PUBLICATION AND/OR SEQUENTIAL DESIGNATION
Dates of publication and/or sequential designation 2009-
490 #0 - SERIES STATEMENT
Series statement DTZ Money into Property
-- 1975
520 ## - SUMMARY, ETC.
Summary, etc. Money into Property has been DTZ's flagship research product for over 40 years. Having initially focused on the UK, the report is now an authoritative guide on the size, structure and trends of global investment markets. Provides a global focus and highlights trends in the market from both the debt and equity perspective. It considers recent trends in investment activity, with a focus on sixty leading cities across the globe. Drawing on the latest insight on investors? sentiment, considers the near term outlook for markets and the opportunities and risks
554 ## -
-- One per year
650 24 - SUBJECT ADDED ENTRY--TOPICAL TERM
Topical term or geographic name entry element DTZ MONEY INTO PROPERTY
651 #4 - SUBJECT ADDED ENTRY--GEOGRAPHIC NAME
Geographic name International
690 ## - LOCAL SUBJECT ADDED ENTRY--TOPICAL TERM (OCLC, RLIN)
Topical term or geographic name as entry element Commercial property
9 (RLIN) 6227
690 ## - LOCAL SUBJECT ADDED ENTRY--TOPICAL TERM (OCLC, RLIN)
Topical term or geographic name as entry element Investments
9 (RLIN) 6250
856 40 - ELECTRONIC LOCATION AND ACCESS
Uniform Resource Identifier <a href="https://www.dtz.com/Global/Research">https://www.dtz.com/Global/Research</a>
Public note View the report free of charge at www.dtz.com after free registration.
942 ## - ADDED ENTRY ELEMENTS (KOHA)
Suppress in OPAC 0
Holdings
Withdrawn status Lost status Source of classification or shelving scheme Damaged status Not for loan Home library Current library Shelving location Date acquired Total Checkouts Full call number Barcode Date last seen Copy number Price effective from Koha item type
    Dewey Decimal Classification     Virtual Virtual Online 03/07/2015   ONLINE PUBLICATON 158736-2001 06/08/2019 1 06/08/2019 Audio